000 00301nam a22001337a 4500
008 260330b ||||| |||| 00| 0 eng d
020 _a9789951295222
041 _aShqip
080 _a615.851
100 _a25
101 _apsiko
245 _aRifitimi i Lirisë
_cSkender Munishi
942 _2udc
_cBK
999 _c60950
_d60950